000 00259nam a22001097a 4500
008 170116b xxu||||| |||| 00| 0 eng d
020 _a072168632X
041 _aeng
080 _22ND
_a618.2
245 _aADVANCED NURSING PRACTICE
_cHAMRIC, A.B
942 _2udc
_cBK
999 _c2953
_d2953